000 00386nam a2200169Ia 4500
008 090124s9999 xx 000 0 und d
082 _b7626
100 _aGAUBA K. L.
245 _aFRIENDS & FOES
250 _a0
260 _bINDIAN BOOK CO.
_c1974
600 _aGAUBA K. L.
630 _aFRIENDS & FOES
700 _aGAUBA K. L.
730 _aFRIENDS & FOES
942 _cBOOK
999 _c86776
_d86776